00442nam a2200157Ia 4500008004100000020000700041082001300048100002600061245003400087250000700121260003600128300003000164500001900194600002100213650005000234240925s9999 xx 000 0 und d aNA a005.8COL aEric, Cole Rolerd .L 0aNetwork Security Fundamentals aNA aNew York:bMc Graw HIllc,2008. axxii,594p.bNAfPhotocopy aIncludes Index aComputer Science aComputer science, information & general works